| 000 | 00846cam a2200289Ki 4500 | ||
|---|---|---|---|
| 001 | 88739 | ||
| 005 | 20230411090047.0 | ||
| 008 | 921201s1987 sp 000 0 spa d | ||
| 035 | _a(OCoLC)ocm27043840 | ||
| 040 |
_aZS4 _bspa _cZS4 _dOCLCQ _dBNM |
||
| 020 | _a8434410729 | ||
| 020 | _a9788434410725 | ||
| 035 | _a(OCoLC)27043840 | ||
| 041 | 1 |
_aspa _hund |
|
| 049 | _aGRAL | ||
| 100 | 1 |
_aFeyerabend, Paul, _d1924-1994 |
|
| 245 | 1 | 0 |
_aContra el método : _besquema de una teoría anarquista del conocimiento / _cPaul K. Feyerabend ; [traducciâon de Francisco Hernán] |
| 250 | _a1o ed. | ||
| 260 |
_aBarcelona : _bAriel, _c1987. |
||
| 300 |
_a207 p. ; _c20 cm. |
||
| 490 | 0 |
_aAriel ; _v72 |
|
| 650 | 7 |
_aCiencia _xFilosofâia. _2embne |
|
| 700 | 1 |
_aHernâan, Francisco, _etr. |
|
| 942 |
_2lcc _cbk |
||
| 994 |
_aC0 _bDRFGD |
||
| 946 | _almm | ||
| 999 |
_c111768 _d111768 |
||